01274nam a2200325Ia 4500001001200000003000800012006001900020007001500039008004100054010001700095020001500112020001800127020001800145040002100163035002100184050002900205100002200234245011300256260005700369300001100426490003500437504005600472533015200528600005100680600002800731655002900759710001700788856012600805999001700931ebr10666528CaPaEBRm u cr cn|||||||||130130s2012 gw sb 000 0 eng d z 2012464612 z3631637403 z9783631637401 z9783653021691 aCaPaEBRcCaPaEBR a(OCoLC)82946063314aPR6068.U757bZ697 2012eb1 aSzpila, Grzegorz.10aIdioms in Salman Rushdie's novelsh[electronic resource] :ba phraseo-stylistic approach /cGrzegorz Szpila. aFrankfurt am Main ;aNew York :bPeter Lang,cc2012. a293 p.0 aText, meaning, context ;vv. 4 aIncludes bibliographical references (p. [263]-293). aElectronic reproduction.bPalo Alto, Calif. :cebrary,d2013.nAvailable via World Wide Web.nAccess may be limited to ebrary affiliated libraries.10aRushdie, SalmanxCriticism and interpretation.10aRushdie, SalmanxStyle. 7aElectronic books.2local2 aebrary, Inc.40uhttp://site.ebrary.com/lib/rucke/Doc?id=10666528zAn electronic book accessible through the World Wide Web; click to view c61305d61305